| 000 | 00545 a2200169 4500 | ||
|---|---|---|---|
| 999 |
_c7372 _d7372 |
||
| 010 | _aENG-87969 | ||
| 020 |
_a9788190480383 _c695.00 |
||
| 035 | _aEN-71502 | ||
| 037 | _bDBAD / PUB. | ||
| 082 | 1 | 4 | _a615.19 |
| 100 | 1 | _aNadkarni, S | |
| 245 | 1 |
_aPharmaceutical biotechnology / _cby S.Nadkarni |
|
| 260 |
_aDelhi _bSwastik Publishers & Distributors _c2007 |
||
| 270 |
_a31, Gali No.1, A-Block, Pocket-5, CRP Water Tank, Sonia Vihar _bDelhi _e110 094 |
||
| 300 |
_aviii, 282 p. _c22 cm. (HB) |
||
| 942 |
_adpl _cEN _2ddc _h615.19 _mNAD |
||